| 000 | 00504cam a22001694a 4500 | ||
|---|---|---|---|
| 020 | _a9780073384351 (hard copy : acidfree paper) | ||
| 020 | _a0073384356 (hard copy : acidfree paper) | ||
| 040 | _cDLC | ||
| 082 | 0 | 0 | _a512 HIL 2012 A109 Or. |
| 100 | 1 | _aDugopolski, Mark. | |
| 245 | 1 | 0 | _aElementary and intermediate algebra / |
| 250 | _a4th ed. | ||
| 260 |
_aNew York, NY : _bMcGraw-Hill, _cc2012. |
||
| 300 |
_axxx, 898, [128] p. : _bill. (chiefly col.) ; _c26 cm. |
||
| 650 | 0 | _aAlgebra | |
| 942 | _cEK | ||
| 999 |
_c16598 _d16598 |
||